| 000 | 00950nam a22003257a 4500 | ||
|---|---|---|---|
| 003 | CHAP | ||
| 005 | 20220817042353.0 | ||
| 008 | 971013s1991 r 00010 d | ||
| 010 | _a42520 | ||
| 011 | _a43492 | ||
| 035 | _a47628 | ||
| 040 | _cCHAP | ||
| 082 |
_a636.08 _bM66 |
||
| 100 | 0 | 0 |
_aMoody, E. Grant. _978040 |
| 245 | _aRaising small animals | ||
| 260 |
_aIpswich, England : _bFarming Press, _c1991 |
||
| 300 | _a318 p. | ||
| 590 |
_aBATCH-UPD _b10 _c20130110 _lUCH01 _h1830 |
||
| 590 |
_aBATCH-UPD _b10 _c20130410 _lUCH01 _h1203 |
||
| 590 |
_aBATCH-UPD _b10 _c20130914 _lUCH01 _h0454 |
||
| 590 |
_aCONVERSION _b10 _c20130109 _lUCH01 _h1323 |
||
| 650 | 1 | 4 | _aAvicultura. |
| 650 | 1 | 4 |
_aCunicultura. _930449 |
| 650 | 1 | 4 |
_aGanaderĂa. _944604 |
| 650 | 1 | 4 |
_aGanado cabrĂo. _944988 |
| 650 | 1 | 4 |
_aGanado porcino. _945328 |
| 901 | _aBK | ||
| 942 | _cLIBRO | ||
| 949 |
_a636.08 M66 _bBC _cLIBRO _d33724000008835 _eLIBRO _gI.c/e _h88940 _i47628 _si _t68.00 |
||
| 999 |
_c42520 _d42520 |
||